Practical programming in Tcl/Tk (Record no. 16763)

MARC details
000 -LEADER
fixed length control field 00633nam a2200205Ia 4500
003 - CONTROL NUMBER IDENTIFIER
control field IN-BaIIA
008 - FIXED-LENGTH DATA ELEMENTS--GENERAL INFORMATION
fixed length control field 211028s9999 xx 000 0 eng d
020 ## - INTERNATIONAL STANDARD BOOK NUMBER
International Standard Book Number 0-13-038560-3
040 ## - CATALOGING SOURCE
Transcribing agency IIA Library
080 ## - UNIVERSAL DECIMAL CLASSIFICATION NUMBER
Universal Decimal Classification number 681.3.068
Item number WEL
100 ## - MAIN ENTRY--PERSONAL NAME
Personal name Welch, Brent B
9 (RLIN) 31283
245 #0 - TITLE STATEMENT
Title Practical programming in Tcl/Tk
Statement of responsibility, etc. Brent B. Welch and Ken Jones
250 ## - EDITION STATEMENT
Edition statement 4th ed.
260 ## - PUBLICATION, DISTRIBUTION, ETC.
Place of publication, distribution, etc. New Jersey
Name of publisher, distributor, etc. Prentice-Hall
Date of publication, distribution, etc. 2007
300 ## - PHYSICAL DESCRIPTION
Extent Lx, 882p.
650 ## - SUBJECT ADDED ENTRY--TOPICAL TERM
Topical term or geographic name entry element tcl (computer program language) TCL/TK programming language
9 (RLIN) 31284
650 ## - SUBJECT ADDED ENTRY--TOPICAL TERM
Topical term or geographic name entry element TK toolkit
9 (RLIN) 31285
700 ## - ADDED ENTRY--PERSONAL NAME
Personal name Jones, Ken
9 (RLIN) 31286
942 ## - ADDED ENTRY ELEMENTS (KOHA)
Koha item type Books
Holdings
Withdrawn status Lost status Damaged status Not for loan Home library Current library Shelving location Date acquired Source of acquisition Cost, normal purchase price Total Checkouts Full call number Barcode Date last seen Cost, replacement price Price effective from Koha item type Purchase Price
        IIA Library-Bangalore IIA Library-Hosakote General Stacks 04/02/2008 EDS 2364.81   681.3.068/ WEL 17685 05/11/2021 2364.81 04/02/2008 Books Rs. 2364.81

Powered by Koha